[Event "Titled Tuesday intern op 27th Feb Late"]
[Site "Chess.com INT"]
[Date "2024.02.27"]
[Round "2"]
[White "Domingo Nunez, Ruben"]
[Black "Navia Alvarez, Edwin Adrian"]
[Result "1-0"]
[WhiteElo "2446"]
[BlackElo "2053"]
[PlyCount "59"]
[EventDate "2024.02.27"]
[EventType "swiss (blitz)"]
[EventRounds "11"]
[EventCountry "USA"]
[SourceTitle "CB10_2024"]
[SourceDate "2024.03.06"]
[SourceVersion "1"]
[SourceVersionDate "2024.03.06"]
[SourceQuality "1"]

1. Nf3 f5 2. b3 Nf6 3. Bb2 e6 4. c4 d5 5. d3 c6 6. Nbd2 Bb4 7. a3 Bd6 8. g3 Qe7 9. Bg2 0-0 10. 0-0 e5 11. e4 fxe4 12. dxe4 d4 13. b4 a5 14. c5 Bc7 15. Nc4 Bg4 16. Qb3 Be6 17. Ng5 Kh8 18. Nxe6 Qxe6 19. Nxa5 Qxb3 20. Nxb3 Nbd7 21. a4 g6 22. a5 Kg8 23. Bh3 Kf7 24. Nd2 Ke7 25. Rae1 Rad8 26. Nc4 Nh5 27. Bg4 Ndf6 28. Bd1 Ng7 29. f4 Ng4 30. Bxg4 1-0

[Event "Titled Tuesday intern op 27th Feb Late"]
[Site "Chess.com INT"]
[Date "2024.02.27"]
[Round "5"]
[White "Mesquita, Eduardo Barbosa"]
[Black "Navia Alvarez, Edwin Adrian"]
[Result "1-0"]
[WhiteElo "1948"]
[BlackElo "2053"]
[PlyCount "75"]
[EventDate "2024.02.27"]
[EventType "swiss (blitz)"]
[EventRounds "11"]
[EventCountry "USA"]
[SourceTitle "CB10_2024"]
[SourceDate "2024.03.06"]
[SourceVersion "1"]
[SourceVersionDate "2024.03.06"]
[SourceQuality "1"]

1. Nf3 d5 2. d4 Nf6 3. c4 e6 4. Nc3 Be7 5. Bg5 Nbd7 6. e3 0-0 7. Bd3 h6 8. Bh4 b6 9. 0-0 Bb7 10. Qe2 dxc4 11. Bxc4 c5 12. Rad1 Qc8 13. Bg3 a6 14. Rc1 b5 15. Bb3 Qd8 16. Rfd1 Qb6 17. a4 cxd4 18. exd4 b4 19. Nb1 Rac8 20. Nbd2 Rfd8 21. Nc4 Qa7 22. a5 Bd5 23. Nfd2 Qb7 24. f3 Nf8 25. Bf2 Qb5 26. Qd3 Ba8 27. Ra1 Nd5 28. Ba4 Qb7 29. Nb3 Nf4 30. Qf1 Nh3+ 31. gxh3 Qxf3 32. Bg3 Qh1+ 33. Kf2 Qxf1+ 34. Kxf1 Rxc4 35. Ke2 Rdc8 36. Kd3 Bd5 37. Nd2 Rc2 38. Bxc2 1-0

[Event "Titled Tuesday intern op 12th Sep Late"]
[Site "Chess.com INT"]
[Date "2023.09.12"]
[Round "3"]
[White "Navia Alvarez, Edwin Adrian"]
[Black "Kotyk, Michael"]
[Result "0-1"]
[WhiteElo "2053"]
[BlackElo "2150"]
[PlyCount "24"]
[EventDate "2023.09.12"]
[EventType "swiss (blitz)"]
[EventRounds "11"]
[EventCountry "USA"]
[SourceTitle "EXT 2024"]
[Source "ChessBase"]
[SourceDate "2023.10.10"]
[SourceVersion "1"]
[SourceVersionDate "2023.10.10"]
[SourceQuality "1"]

1. d4 Na6 2. Nf3 c6 3. e4 d5 4. Nc3 Nc7 5. Bd3 Bg4 6. h3 Bh5 7. Be2 Nf6 8. e5 Ne4 9. 0-0 Bg6 10. Nh4 Nxc3 11. bxc3 e6 12. a4 Qxh4 0-1

[Event "Titled Tuesday intern op 12th Sep Late"]
[Site "Chess.com INT"]
[Date "2023.09.12"]
[Round "2"]
[White "Navia Alvarez, Edwin Adrian"]
[Black "Zirkelbach, Maj"]
[Result "0-1"]
[WhiteElo "2053"]
[BlackElo "2277"]
[PlyCount "74"]
[EventDate "2023.09.12"]
[EventType "swiss (blitz)"]
[EventRounds "11"]
[EventCountry "USA"]
[SourceTitle "EXT 2024"]
[Source "ChessBase"]
[SourceDate "2023.10.10"]
[SourceVersion "1"]
[SourceVersionDate "2023.10.10"]
[SourceQuality "1"]

1. d4 Nf6 2. Nf3 d5 3. e3 e6 4. Bd3 Nbd7 5. 0-0 c6 6. b3 Bd6 7. Bb2 0-0 8. Ne5 Ne4 9. f4 f6 10. Nxd7 Bxd7 11. c4 a5 12. Nd2 Nxd2 13. Qxd2 Qe7 14. e4 dxc4 15. bxc4 e5 16. fxe5 fxe5 17. d5 Bc5+ 18. Kh1 h6 19. Be2 a4 20. Bc3 Kh7 21. Rab1 b6 22. Rbd1 Rxf1+ 23. Rxf1 b5 24. cxb5 cxb5 25. Qb2 Bd6 26. Qd2 b4 27. Bb2 Rf8 28. Qd1 Rxf1+ 29. Bxf1 Qg5 30. Bc1 Qg4 31. Be2 Qh4 32. Be3 Kh8 33. Bf3 Qd8 34. Qc2 Qa5 35. Bd2 Qb5 36. Bc1 b3 37. axb3 Qf1# 0-1

[Event "Titled Tuesday intern op 12th Sep Late"]
[Site "Chess.com INT"]
[Date "2023.09.12"]
[Round "6"]
[White "Petrova, Irina"]
[Black "Navia Alvarez, Edwin Adrian"]
[Result "1/2-1/2"]
[WhiteElo "2108"]
[BlackElo "2053"]
[PlyCount "129"]
[EventDate "2023.09.12"]
[EventType "swiss (blitz)"]
[EventRounds "11"]
[EventCountry "USA"]
[SourceTitle "EXT 2024"]
[Source "ChessBase"]
[SourceDate "2023.10.10"]
[SourceVersion "1"]
[SourceVersionDate "2023.10.10"]
[SourceQuality "1"]

1. e4 d5 2. exd5 Qxd5 3. Nc3 Qa5 4. d4 c6 5. Bd2 Nf6 6. Bc4 Bf5 7. Nge2 e6 8. 0-0 Qc7 9. Bf4 Bd6 10. Bxd6 Qxd6 11. Ng3 Bg6 12. Re1 0-0 13. Bd3 Nbd7 14. Bxg6 hxg6 15. Nce4 Qc7 16. c4 Rad8 17. Qc2 c5 18. dxc5 Nxc5 19. Nxf6+ gxf6 20. Rad1 b6 21. b4 Nd7 22. Ne4 Kg7 23. Qc3 Qe5 24. Qxe5 Nxe5 25. c5 Nd3 26. Rf1 Nxb4 27. cxb6 axb6 28. a3 Rxd1 29. Rxd1 Nd5 30. Kf1 Ra8 31. Rd3 Ra4 32. Nd6 f5 33. Rb3 Kf8 34. g3 Ke7 35. Nc8+ Kf6 36. Nxb6 Nxb6 37. Rxb6 Rxa3 38. h4 f4 39. Kg2 fxg3 40. fxg3 Kf5 41. Rb7 f6 42. Rb5+ e5 43. Rb6 Ra4 44. Kf3 Ra3+ 45. Kf2 Rd3 46. g4+ Kxg4 47. Rxf6 Kxh4 48. Rxg6 Kh5 49. Rg8 Kh6 50. Ke2 Ra3 51. Re8 Ra5 52. Ke3 Kg5 53. Ke4 Kf6 54. Rf8+ Ke7 55. Rh8 Kd7 56. Rh7+ Kd6 57. Rh6+ Ke7 58. Rh7+ Kf6 59. Rh6+ Kg5 60. Rh8 Kf6 61. Rh6+ Kf7 62. Rh7+ Kg6 63. Rh8 Kg7 64. Rh5 Kf6 65. Rh6+ 1/2-1/2

[Event "Cali Valle Colombia op-B"]
[Site "Cali Valle Colombia"]
[Date "2022.12.29"]
[Round "7"]
[White "Ossa, Vladimir"]
[Black "Navia Alvarez, Edwin Adrian"]
[Result "1-0"]
[WhiteElo "2005"]
[BlackElo "2023"]
[PlyCount "72"]
[EventDate "2022.12.26"]
[EventType "swiss"]
[EventRounds "8"]
[EventCountry "COL"]
[SourceTitle "CBM 211 Extra"]
[Source "ChessBase"]
[SourceDate "2023.01.31"]
[SourceVersion "1"]
[SourceVersionDate "2023.01.31"]
[SourceQuality "1"]

1. d4 d5 2. Bf4 Nf6 3. e3 e6 4. Bd3 Bd6 5. Bg3 0-0 6. Nf3 c5 7. c3 b6 8. Nbd2 a5 9. Ne5 Qc7 10. f4 Bb7 11. Qf3 cxd4 12. exd4 Nc6 13. Bh4 Be7 14. Qh3 g6 15. 0-0 Ne4 16. Ndf3 Nd8 17. Ng5 h6 18. Ngf3 Kg7 19. Rae1 f5 20. g4 Rg8 21. Re2 Nc6 22. Rg2 Nxe5 23. Nxe5 Kh7 24. Be1 Bd6 25. Rf3 Bxe5 26. dxe5 Raf8 27. Bh4 Rg7 28. Bf6 Rxf6 29. Qxh6+ Kg8 30. exf6 Nxf6 31. gxf5 e5 32. Rfg3 d4 33. Rh3 exf4 34. Rxg6 Ne8 35. Rhg3 Bd5 36. c4 Be4 1-0

[Event "Cali Valle Colombia op-B"]
[Site "Cali Valle Colombia"]
[Date "2022.12.27"]
[Round "3"]
[White "Rengifo Astudillo, Carlos Alberto"]
[Black "Navia Alvarez, Edwin Adrian"]
[Result "0-1"]
[WhiteElo "1625"]
[BlackElo "2023"]
[PlyCount "92"]
[EventDate "2022.12.26"]
[EventType "swiss"]
[EventRounds "8"]
[EventCountry "COL"]
[SourceTitle "CBM 211 Extra"]
[Source "ChessBase"]
[SourceDate "2023.01.31"]
[SourceVersion "1"]
[SourceVersionDate "2023.01.31"]
[SourceQuality "1"]

1. d4 d5 2. Nf3 Nf6 3. c4 e6 4. e3 Be7 5. b3 0-0 6. Bb2 c5 7. dxc5 Na6 8. Nc3 Nxc5 9. Be2 dxc4 10. Bxc4 a6 11. 0-0 b5 12. Be2 Bb7 13. Qxd8 Rfxd8 14. Rfd1 b4 15. Na4 Nxa4 16. bxa4 Rac8 17. Rxd8+ Bxd8 18. Rc1 Rxc1+ 19. Bxc1 Ne4 20. Bc4 Nc3 21. a3 bxa3 22. Bxa3 Nxa4 23. Nd4 Nb6 24. Bb3 Nd5 25. Kf1 h5 26. Ba4 Be7 27. Bxe7 Nxe7 28. f3 h4 29. Kf2 e5 30. Nb3 Bc6 31. Nc5 Bxa4 32. Nxa4 Nc6 33. f4 f5 34. Ke2 Kf7 35. Kd3 Ke7 36. g3 h3 37. Kc4 exf4 38. exf4 Kd6 39. Nc5 Nb8 40. Nb7+ Ke7 41. Kd5 Nd7 42. Na5 Nf6+ 43. Ke5 Ng4+ 44. Kxf5 Nxh2 45. Nc6+ Kd6 46. Ne5 Nf1 0-1

[Event "Palmira op-B"]
[Site "Palmira"]
[Date "2022.12.17"]
[Round "6"]
[White "Hernandez Pinzon, Helvert"]
[Black "Navia Alvarez, Edwin Adrian"]
[Result "0-1"]
[WhiteElo "1835"]
[BlackElo "2023"]
[PlyCount "126"]
[EventDate "2022.12.14"]
[EventType "swiss"]
[EventRounds "8"]
[EventCountry "COL"]
[SourceTitle "CBM 211 Extra"]
[Source "ChessBase"]
[SourceDate "2023.01.31"]
[SourceVersion "1"]
[SourceVersionDate "2023.01.31"]
[SourceQuality "1"]

1. e4 c5 2. Nf3 d6 3. d4 cxd4 4. Nxd4 Nf6 5. Nc3 a6 6. f3 e5 7. Nb3 Be6 8. Be3 h5 9. a4 Nbd7 10. a5 Qc7 11. Nd5 Bxd5 12. exd5 Be7 13. Be2 0-0 14. 0-0 b5 15. axb6 Nxb6 16. c4 a5 17. Qd3 Rfb8 18. Rfc1 a4 19. Nd2 Nbd7 20. Qa3 Qb7 21. Ra2 Ra5 22. Bd1 Rba8 23. Qc3 Bd8 24. Rca1 Nb6 25. Qb4 Qb8 26. b3 R8a6 27. bxa4 Qa8 28. Kf1 g6 29. Bb3 Bc7 30. Bg5 Nfd7 31. Ne4 Kg7 32. Be7 Nc8 33. Bg5 Rb6 34. Qc3 f5 35. Nd2 Rb7 36. f4 Bb6 37. fxe5 dxe5 38. Nf3 Bc7 39. Re1 Kh7 40. Bd2 Nc5 41. Bc2 Rba7 42. Rxe5 Bxe5 43. Qxe5 Re7 44. Ng5+ Kg8 45. Qd4 Nd7 46. Bc3 Ne5 47. Ne6 Rxe6 48. dxe6 Ne7 49. Qb6 Ra6 50. Qc7 N5c6 51. Qf4 Kh7 52. Qg5 Qg8 53. g4 Qxe6 54. gxh5 Qxc4+ 55. Kg1 Qxc3 56. hxg6+ Kg7 57. h4 Qd4+ 58. Kh2 Qf2+ 59. Kh3 Ra8 60. h5 Rh8 61. a5 Qf3+ 62. Kh4 Qh1+ 63. Kg3 Rxh5 0-1

[Event "Titled Tuesday intern op 01st Feb-A"]
[Site "Chess.com INT"]
[Date "2022.02.01"]
[Round "8"]
[White "Araujo Filho, Luiz Antonio"]
[Black "Navia Alvarez, Edwin Adrian"]
[Result "1-0"]
[WhiteElo "2089"]
[BlackElo "2026"]
[PlyCount "57"]
[EventDate "2022.02.01"]
[EventType "swiss (blitz)"]
[EventRounds "11"]
[EventCountry "USA"]
[SourceTitle "CBM 206 Extra"]
[Source "ChessBase"]
[SourceDate "2022.03.31"]
[SourceVersion "1"]
[SourceVersionDate "2022.03.31"]
[SourceQuality "1"]

1. d4 Nf6 2. Nf3 d5 3. e3 c5 4. c3 Nc6 5. Nbd2 e6 6. Bd3 Bd6 7. Qe2 0-0 8. dxc5 Bxc5 9. e4 dxe4 10. Nxe4 Be7 11. 0-0 Qc7 12. Re1 Rd8 13. Bc2 b6 14. a4 Bb7 15. Neg5 h6 16. Nxf7 Kxf7 17. Qxe6+ Kf8 18. Nh4 Rd6 19. Ng6+ Ke8 20. Qc4 Rd7 21. Bf4 Qd8 22. Nxe7 Rxe7 23. Bg6+ Kf8 24. Rxe7 Qxe7 25. Bd6 Ne5 26. Bxe7+ Kxe7 27. Qc7+ Nfd7 28. Qxb7 Nxg6 29. Qxa8 1-0

[Event "Titled Tuesday intern op 01st Feb-A"]
[Site "Chess.com INT"]
[Date "2022.02.01"]
[Round "7"]
[White "Navia Alvarez, Edwin Adrian"]
[Black "Koelle, Tobias"]
[Result "0-1"]
[WhiteElo "2026"]
[BlackElo "2380"]
[PlyCount "56"]
[EventDate "2022.02.01"]
[EventType "swiss (blitz)"]
[EventRounds "11"]
[EventCountry "USA"]
[SourceTitle "CBM 206 Extra"]
[Source "ChessBase"]
[SourceDate "2022.03.31"]
[SourceVersion "1"]
[SourceVersionDate "2022.03.31"]
[SourceQuality "1"]

1. e4 g6 2. d4 Bg7 3. Nc3 d5 4. exd5 Nf6 5. Bc4 0-0 6. Nf3 Nbd7 7. Bg5 Nb6 8. Bxf6 exf6 9. Bb3 Re8+ 10. Kf1 Bf5 11. h3 a5 12. a4 Qd6 13. g4 Bd7 14. Kg2 f5 15. g5 h6 16. h4 Qf4 17. Rh3 h5 18. Qc1 Qd6 19. Qd2 Re7 20. Rhh1 Rae8 21. Rae1 c6 22. Rxe7 Rxe7 23. dxc6 Bxc6 24. Ne2 Nxa4 25. Bxa4 Bxa4 26. b3 Bc6 27. c3 Re4 28. Ng3 Rf4 0-1

[Event "Cali Masificacion op U2050"]
[Site "Cali"]
[Date "2021.12.28"]
[Round "4"]
[White "Franco, Jhonier"]
[Black "Navia Alvarez, Edwin Adrian"]
[Result "1-0"]
[WhiteElo "1837"]
[BlackElo "2026"]
[PlyCount "49"]
[EventDate "2021.12.26"]
[EventType "swiss"]
[EventRounds "7"]
[EventCountry "COL"]
[SourceTitle "CBM 205 Extra"]
[Source "ChessBase"]
[SourceDate "2022.01.31"]
[SourceVersion "1"]
[SourceVersionDate "2022.01.31"]
[SourceQuality "1"]

1. d4 Nf6 2. Nf3 d5 3. c4 e6 4. Bf4 Be7 5. Nc3 0-0 6. g4 a6 7. e3 c5 8. Qc2 dxc4 9. Bxc4 b5 10. Be2 Bb7 11. 0-0-0 Qa5 12. Rhg1 Nc6 13. g5 Nb4 14. gxf6 Bxf6 15. Qb3 cxd4 16. Rxd4 Bxd4 17. Nxd4 Rfc8 18. Kb1 Nd5 19. Be5 Nxc3+ 20. bxc3 Be4+ 21. Ka1 Bg6 22. Nxe6 fxe6 23. Qxe6+ Kh8 24. Qe7 Rg8 25. Rxg6 1-0

[Event "Cali Masificacion op U2050"]
[Site "Cali"]
[Date "2021.12.27"]
[Round "2"]
[White "Ortega Moran, Helmer Andres"]
[Black "Navia Alvarez, Edwin Adrian"]
[Result "0-1"]
[WhiteElo "1755"]
[BlackElo "2026"]
[PlyCount "30"]
[EventDate "2021.12.26"]
[EventType "swiss"]
[EventRounds "7"]
[EventCountry "COL"]
[SourceTitle "CBM 205 Extra"]
[Source "ChessBase"]
[SourceDate "2022.01.31"]
[SourceVersion "1"]
[SourceVersionDate "2022.01.31"]
[SourceQuality "1"]

1. e4 c5 2. Nf3 e6 3. d4 cxd4 4. Nxd4 a6 5. Bd3 Qc7 6. Nc3 Nf6 7. f4 d6 8. Nf3 b5 9. a4 b4 10. Na2 Bb7 11. 0-0 Nbd7 12. c3 b3 13. e5 dxe5 14. fxe5 Ng4 15. Nd4 Ngxe5 0-1

[Event "COL-ch sf"]
[Site "Palmira"]
[Date "2020.11.14"]
[Round "5"]
[White "Lopez Rayo, Isabella"]
[Black "Navia Alvarez, Edwin Adrian"]
[Result "0-1"]
[WhiteElo "1709"]
[BlackElo "2045"]
[PlyCount "82"]
[EventDate "2020.11.12"]
[EventType "swiss"]
[EventRounds "8"]
[EventCountry "COL"]
[SourceTitle "CBM 199 Extra"]
[Source "ChessBase"]
[SourceDate "2021.01.31"]
[SourceVersion "1"]
[SourceVersionDate "2021.01.31"]
[SourceQuality "1"]

1. e4 c5 2. Nf3 d6 3. d4 cxd4 4. Nxd4 Nf6 5. Nc3 a6 6. Bg5 Nbd7 7. f4 Qc7 8. Qf3 h6 9. Bh4 g5 10. fxg5 hxg5 11. Bg3 g4 12. Qf2 Qc5 13. Bd3 Ne5 14. Bxe5 dxe5 15. Nf5 Qxf2+ 16. Kxf2 e6 17. Ne3 b5 18. a3 Bc5 19. Ke2 Bb7 20. Raf1 Rh6 21. Ncd1 Ke7 22. Nf2 Rg8 23. g3 Bxe3 24. Kxe3 Rgh8 25. h3 gxh3 26. g4 Rh4 27. Rfg1 h2 28. Rg2 Ne8 29. g5 Nd6 30. Ng4 Rh3+ 31. Ke2 Nxe4 32. Rhxh2 Rxh2 33. Rxh2 Rxh2+ 34. Nxh2 Nxg5 35. Ke3 f5 36. b3 f4+ 37. Kf2 e4 38. Bf1 e3+ 39. Ke2 e5 40. c4 bxc4 41. bxc4 Kd6 0-1

[Event "COL-ch sf"]
[Site "Palmira"]
[Date "2020.11.12"]
[Round "1"]
[White "Hernandez Bermudez, Manuela"]
[Black "Navia Alvarez, Edwin Adrian"]
[Result "1-0"]
[WhiteElo "1591"]
[BlackElo "2045"]
[PlyCount "65"]
[EventDate "2020.11.12"]
[EventType "swiss"]
[EventRounds "8"]
[EventCountry "COL"]
[SourceTitle "CBM 199 Extra"]
[Source "ChessBase"]
[SourceDate "2021.01.31"]
[SourceVersion "1"]
[SourceVersionDate "2021.01.31"]
[SourceQuality "1"]

1. e4 c5 2. Nf3 d6 3. d4 cxd4 4. Nxd4 Nf6 5. Nc3 a6 6. Bg5 Nbd7 7. f4 Qc7 8. Qf3 h6 9. Bh4 e6 10. 0-0-0 Be7 11. Be2 g5 12. fxg5 Ne5 13. Qg3 Rg8 14. Nf3 Nfd7 15. Nxe5 Nxe5 16. Qf2 hxg5 17. Bg3 Bd7 18. Rhf1 Rg7 19. Bxe5 dxe5 20. Bd3 0-0-0 21. h3 Kb8 22. Kb1 Bc6 23. Qe3 Qa5 24. Bc4 Rxd1+ 25. Nxd1 Qc5 26. Qe2 Qd4 27. Bd3 b5 28. Qh5 Qd8 29. Ne3 f6 30. Ng4 Be8 31. Qh8 Rf7 32. Qg8 Qd7 33. Nxe5 1-0

[Event "Titled Tuesday intern op 6th June"]
[Site "Chess.com INT"]
[Date "2020.06.02"]
[Round "8"]
[White "Navia Alvarez, Edwin Adrian"]
[Black "Vidruska, Renate"]
[Result "1-0"]
[WhiteElo "2045"]
[BlackElo "2045"]
[PlyCount "43"]
[EventDate "2020.06.02"]
[EventType "swiss (blitz)"]
[EventRounds "10"]
[EventCountry "USA"]
[SourceTitle "CBM 196 Extra"]
[Source "ChessBase"]
[SourceDate "2020.07.31"]
[SourceVersion "1"]
[SourceVersionDate "2020.07.31"]
[SourceQuality "1"]

1. e4 c6 2. d4 d5 3. Nc3 dxe4 4. Nxe4 Bf5 5. Ng3 Bg6 6. h4 h6 7. Nf3 Nd7 8. h5 Bh7 9. Bd3 Bxd3 10. Qxd3 Ngf6 11. Bf4 e6 12. 0-0-0 Qa5 13. Kb1 Be7 14. Ne4 Nxe4 15. Qxe4 Nf6 16. Qe2 Nd5 17. Bd2 Qc7 18. c4 Nf4 19. Qe4 Nxg2 20. Rdg1 f5 21. Qe5 Bd6 22. Qxe6+ 1-0

[Event "Titled Tuesday intern op 6th June"]
[Site "Chess.com INT"]
[Date "2020.06.02"]
[Round "7"]
[White "Simonovic, Miroslav"]
[Black "Navia Alvarez, Edwin Adrian"]
[Result "0-1"]
[WhiteElo "2129"]
[BlackElo "2045"]
[PlyCount "60"]
[EventDate "2020.06.02"]
[EventType "swiss (blitz)"]
[EventRounds "10"]
[EventCountry "USA"]
[SourceTitle "CBM 196 Extra"]
[Source "ChessBase"]
[SourceDate "2020.07.31"]
[SourceVersion "1"]
[SourceVersionDate "2020.07.31"]
[SourceQuality "1"]

1. d4 Nf6 2. Bg5 e6 3. e4 h6 4. Bxf6 Qxf6 5. e5 Qe7 6. c3 c5 7. Nf3 d6 8. Bb5+ Bd7 9. a4 a6 10. Bxd7+ Nxd7 11. 0-0 g6 12. dxc5 dxe5 13. b4 Bg7 14. Qe2 0-0 15. Nbd2 f5 16. Nc4 e4 17. Nd4 Rad8 18. Nd6 Ne5 19. f3 exf3 20. Nxf3 Nxf3+ 21. Rxf3 e5 22. Qc4+ Kh7 23. b5 axb5 24. axb5 b6 25. Rd1 e4 26. Re3 bxc5 27. Qxc5 Be5 28. Ra1 Bxd6 29. Qc6 Rc8 30. Qd5 Bc5 0-1

[Event "Titled Tuesday intern op 3rd Jan"]
[Site "Chess.com INT"]
[Date "2019.12.03"]
[Round "5"]
[White "Eynullayev, Altay Elshan"]
[Black "Navia Alvarez, Edwin Adrian"]
[Result "1-0"]
[WhiteElo "2262"]
[BlackElo "2041"]
[PlyCount "41"]
[EventDate "2019.12.03"]
[EventType "swiss (blitz)"]
[EventRounds "10"]
[EventCountry "USA"]
[SourceTitle "EXT 2021"]
[Source "ChessBase"]
[SourceDate "2020.10.23"]
[SourceVersion "1"]
[SourceVersionDate "2020.10.23"]
[SourceQuality "1"]

1. d4 f5 2. c4 Nf6 3. Nf3 g6 4. e3 Bg7 5. Be2 d6 6. b4 0-0 7. Bb2 c6 8. 0-0 Qe8 9. a4 Ne4 10. Nc3 Nxc3 11. Bxc3 e5 12. dxe5 dxe5 13. c5 Qe7 14. Bc4+ Kh8 15. Ra2 Be6 16. Bxe6 Qxe6 17. Rd2 Na6 18. Rd6 Qe8 19. Qa1 Rd8 20. Nxe5 Rxd6 21. cxd6 1-0

[Event "Titled Tuesday intern op 3rd Jan"]
[Site "Chess.com INT"]
[Date "2019.12.03"]
[Round "4"]
[White "Navia Alvarez, Edwin Adrian"]
[Black "Mortazavi, Ali"]
[Result "0-1"]
[WhiteElo "2041"]
[BlackElo "2333"]
[PlyCount "86"]
[EventDate "2019.12.03"]
[EventType "swiss (blitz)"]
[EventRounds "10"]
[EventCountry "USA"]
[SourceTitle "EXT 2021"]
[Source "ChessBase"]
[SourceDate "2020.10.23"]
[SourceVersion "1"]
[SourceVersionDate "2020.10.23"]
[SourceQuality "1"]

1. e4 c6 2. d4 d5 3. Nd2 dxe4 4. Nxe4 Nf6 5. Nxf6+ exf6 6. c3 Bd6 7. Bd3 0-0 8. Ne2 Re8 9. Be3 Nd7 10. Qd2 Nf8 11. 0-0-0 Be6 12. Kb1 b5 13. h4 Bd5 14. h5 a5 15. Nf4 Bxf4 16. Bxf4 Ne6 17. Be3 a4 18. f3 Bc4 19. Bc2 Nc7 20. Rde1 Be6 21. g4 Qd5 22. a3 Qa2+ 23. Kc1 b4 24. cxb4 Qa1+ 25. Bb1 Ba2 26. Qc2 Bxb1 27. Qxb1 Qxb1+ 28. Kxb1 Nd5 29. Bd2 Re6 30. Rxe6 fxe6 31. Re1 Kf7 32. b3 Nb6 33. Kb2 Rd8 34. Bc3 e5 35. dxe5 Rd3 36. exf6 gxf6 37. Re4 Rxf3 38. Rc4 Rf2+ 39. Kb1 Nxc4 40. bxc4 Rf4 41. b5 Rxc4 42. Kb2 cxb5 43. Bb4 Rxg4 0-1

[Event "Titled Tuesday intern op 3rd Jan"]
[Site "Chess.com INT"]
[Date "2019.12.03"]
[Round "3"]
[White "Navia Alvarez, Edwin Adrian"]
[Black "Sanchez Alvarez, Kelvin Antonio"]
[Result "1-0"]
[WhiteElo "2041"]
[BlackElo "2250"]
[PlyCount "79"]
[EventDate "2019.12.03"]
[EventType "swiss (blitz)"]
[EventRounds "10"]
[EventCountry "USA"]
[SourceTitle "EXT 2021"]
[Source "ChessBase"]
[SourceDate "2020.10.23"]
[SourceVersion "1"]
[SourceVersionDate "2020.10.23"]
[SourceQuality "1"]

1. e4 c5 2. Nf3 d6 3. d4 cxd4 4. Nxd4 Nf6 5. Nc3 g6 6. Be3 Bg7 7. f3 Nc6 8. Qd2 0-0 9. 0-0-0 Nxd4 10. Bxd4 Be6 11. g4 Qa5 12. Kb1 Rfc8 13. a3 Rab8 14. h4 b5 15. Nd5 Qxd2 16. Rxd2 Nxd5 17. exd5 Bxd5 18. Bxg7 Bxf3 19. Rh3 Bxg4 20. Rg3 Kxg7 21. Rxg4 f5 22. Rb4 a6 23. a4 Rc5 24. axb5 Re5 25. Kc1 axb5 26. c3 Kf6 27. Bg2 h6 28. Kd1 g5 29. hxg5+ hxg5 30. c4 g4 31. Bc6 f4 32. cxb5 Kg5 33. b6 f3 34. b7 Rc5 35. Bd7 Rc7 36. Rxg4+ Kf6 37. Bc8 e5 38. Rxd6+ Ke7 39. Re6+ Kf7 40. Rxe5 1-0

[Event "Titled Tuesday intern op 3rd Jan"]
[Site "Chess.com INT"]
[Date "2019.12.03"]
[Round "1"]
[White "Pulvett Marin, Daniel Eduardo"]
[Black "Navia Alvarez, Edwin Adrian"]
[Result "1-0"]
[WhiteElo "2487"]
[BlackElo "2041"]
[PlyCount "113"]
[EventDate "2019.12.03"]
[EventType "swiss (blitz)"]
[EventRounds "10"]
[EventCountry "USA"]
[SourceTitle "EXT 2021"]
[Source "ChessBase"]
[SourceDate "2020.10.23"]
[SourceVersion "1"]
[SourceVersionDate "2020.10.23"]
[SourceQuality "1"]

1. d4 f5 2. g3 Nf6 3. Bg2 e6 4. Nh3 d5 5. 0-0 Bd6 6. c4 c6 7. b3 Qe7 8. Qc2 0-0 9. Bf4 Nbd7 10. Bxd6 Qxd6 11. Nf4 b6 12. Nd2 Bb7 13. Rfd1 Rac8 14. Nf3 Ne4 15. e3 a5 16. Rac1 g5 17. Nd3 g4 18. Nfe5 Ndf6 19. Qb2 Kh8 20. c5 bxc5 21. Nxc5 Ba8 22. Qa3 Nxc5 23. Qxc5 Qxc5 24. Rxc5 a4 25. bxa4 Kg7 26. Rdc1 Rc7 27. Rb1 Rfc8 28. a5 Nd7 29. Nxd7 Rxd7 30. a6 Ra7 31. Bf1 Kf6 32. h3 h5 33. hxg4 hxg4 34. Be2 Rh8 35. Kg2 Rah7 36. Rg1 Rb8 37. Rh1 Rxh1 38. Kxh1 Rb2 39. Bf1 Rxf2 40. Kg1 Rxa2 41. Rc3 e5 42. Rb3 exd4 43. exd4 Ra4 44. Rb8 Rxd4 45. Rxa8 Ra4 46. Rc8 Ke5 47. Rxc6 Ra3 48. Kf2 Rf3+ 49. Kg2 Ra3 50. Rc7 f4 51. gxf4+ Kxf4 52. a7 Ke4 53. Bb5 Ra2+ 54. Kg3 Ra5 55. Bc6 Kf5 56. a8Q Rxa8 57. Bxa8 1-0

[Event "COL-chT 21st"]
[Site "Cartagena"]
[Date "2019.11.30"]
[Round "1.2"]
[White "Martinez Zuluaica, Julian"]
[Black "Navia Alvarez, Edwin Adrian"]
[Result "1-0"]
[WhiteElo "2296"]
[BlackElo "1979"]
[PlyCount "105"]
[EventDate "2019.11.30"]
[EventType "team-swiss"]
[EventRounds "9"]
[EventCountry "COL"]
[SourceTitle "CBM 195 Extra"]
[Source "ChessBase"]
[SourceDate "2020.05.31"]
[SourceVersion "1"]
[SourceVersionDate "2020.05.31"]
[SourceQuality "1"]
[WhiteTeam "Santander"]
[BlackTeam "Cauca"]
[WhiteTeamCountry "COL"]
[BlackTeamCountry "COL"]

1. e4 d5 2. exd5 Qxd5 3. Nc3 Qa5 4. d4 c6 5. Nf3 Nf6 6. Bc4 Bf5 7. 0-0 e6 8. Re1 Bb4 9. Bd2 0-0 10. a3 Bxc3 11. Bxc3 Qc7 12. Ne5 Nbd7 13. Qf3 Rfe8 14. h3 Nxe5 15. dxe5 Nd5 16. Rac1 Nxc3 17. Qxc3 Red8 18. Re3 Rd7 19. Rg3 Rad8 20. Be2 Qb6 21. b4 Qd4 22. Kf1 Qxc3 23. Rxc3 Rd5 24. f4 Rd4 25. Rf3 Rd2 26. c4 Ra2 27. Rd1 Rxd1+ 28. Bxd1 Kf8 29. g4 Bg6 30. Be2 Ke7 31. Ke1 Bc2 32. Rc3 Ba4 33. Kf1 h6 34. h4 f6 35. exf6+ Kxf6 36. Re3 Bc2 37. Kg1 Bg6 38. Kf2 Rb2 39. c5 Rc2 40. Kf3 Rb2 41. g5+ hxg5 42. hxg5+ Ke7 43. Kg3 Bf5 44. Bf3 Ra2 45. Bg4 Kf7 46. Bxf5 exf5 47. Rd3 Ke7 48. Re3+ Kf7 49. Rd3 Ke7 50. Kh4 g6 51. Kg3 Kf7 52. Rd7+ Ke6 53. Rxb7 1-0